Equilibri econòmic i estabilitat pressupostària / documentació realitzada per: Josep Casas ; organització i coordinació: Intervenció General, Servei d'Assistència a la Gestió Econòmica Local Josep Casas ; organització i coordinació:
Publicado:
Barcelona :
Diputació de Barcelona. Àrea d'Hisenda i Recursos Interns. Intervenció General. Servei d'Assistència a la Gestió Econòmica Local ,
2009
Descripción Física:
83 p. ; 29 cm
MARC
| LEADER | 00000nam a2200000Ia 4500 | ||
|---|---|---|---|
| 001 | 21341 | ||
| 008 | 160829s2009 xx 000 0 cat d | ||
| 080 | |a M-6-183 | ||
| 100 | |a Casas Serra, Josep |9 44552 | ||
| 245 | |a Equilibri econòmic i estabilitat pressupostària / documentació realitzada per: |b Josep Casas ; organització i coordinació: |b Intervenció General, Servei d'Assistència a la Gestió Econòmica Local | ||
| 260 | |a Barcelona : |b Diputació de Barcelona. Àrea d'Hisenda i Recursos Interns. Intervenció General. Servei d'Assistència a la Gestió Econòmica Local, |c 2009 | ||
| 300 | |a 83 p. ; |c 29 cm | ||
| 650 | 0 | |a Pressupost |9 40977 | |
| 650 | |a Equilibri (Economia) |9 40978 | ||
| 710 | 1 | |a Barcelona (Catalunya : Província). |b Servei d’Assistència a la Gestió Econòmica Local |9 53081 | |
| 901 | |a Arxiu | ||
| 942 | |n 1 | ||
| 952 | |0 0 |1 0 |4 0 |6 M6183 |7 1 |9 51908 |a Arxiu |b Arxiu |d 2016-12-01 |l 0 |o M-6-183 |p 21341 |r 2016-12-01 00:00:00 |w 2016-12-01 |y ARXIU | ||
| 999 | |c 55754 |d 55754 | ||